[Event "ESP-ch U12 rapid"]
[Site "Salobrena"]
[Date "2024.07.14"]
[Round "5"]
[White "Martinez Sanchez, Paul"]
[Black "Jaso Escudero, Julen"]
[Result "0-1"]
[WhiteElo "1535"]
[BlackElo "1686"]
[PlyCount "74"]
[EventDate "2024.07.13"]
[EventType "swiss (rapid)"]
[EventRounds "9"]
[EventCountry "ESP"]
[SourceTitle "EXT 2025"]
[Source "ChessBase"]
[SourceDate "2024.10.14"]
[SourceVersion "1"]
[SourceVersionDate "2024.10.14"]
[SourceQuality "1"]

1. d4 d5 2. Bf4 Nf6 3. e3 Nc6 4. Nf3 e6 5. h3 Bd6 6. Bh2 Bxh2 7. Rxh2 Qd6 8. Nbd2 Bd7 9. c3 a6 10. Bd3 e5 11. dxe5 Nxe5 12. Nxe5 Qxe5 13. Nf3 Qd6 14. Qb3 0-0 15. Qc2 Rfe8 16. 0-0-0 c5 17. e4 Qc6 18. exd5 Nxd5 19. Bxh7+ Kf8 20. Be4 Qh6+ 21. Kb1 Nf6 22. Bf5 Bc6 23. Rhh1 Qf4 24. Ne1 Re7 25. g3 Qc7 26. Rf1 Rae8 27. Nd3 g6 28. Bg4 c4 29. Nc5 b6 30. Nxa6 Qb7 31. Qd2 Qxa6 32. Qh6+ Kg8 33. Bf5 gxf5 34. Qxf6 Re6 35. Qg5+ Rg6 36. Qh4 Be4+ 37. Ka1 Qxa2+ 0-1

[Event "ESP-ch U12 rapid"]
[Site "Salobrena"]
[Date "2024.07.14"]
[Round "9"]
[White "Ruiz Lao, Eric"]
[Black "Martinez Sanchez, Paul"]
[Result "1-0"]
[WhiteElo "1653"]
[BlackElo "1535"]
[PlyCount "61"]
[EventDate "2024.07.13"]
[EventType "swiss (rapid)"]
[EventRounds "9"]
[EventCountry "ESP"]
[SourceTitle "EXT 2025"]
[Source "ChessBase"]
[SourceDate "2024.10.14"]
[SourceVersion "1"]
[SourceVersionDate "2024.10.14"]
[SourceQuality "1"]

1. e4 e5 2. Nf3 Nc6 3. Bc4 Nf6 4. d3 Bc5 5. c3 d6 6. Nbd2 0-0 7. h3 Re8 8. Nf1 h6 9. Ng3 Be6 10. Bb3 Qe7 11. 0-0 Rad8 12. d4 exd4 13. cxd4 Bxb3 14. axb3 Bb6 15. Re1 Qd7 16. d5 Ne5 17. Nxe5 dxe5 18. Qf3 Bd4 19. Nf5 Qb5 20. Nxh6+ gxh6 21. Qxf6 Rd6 22. Qh4 Qxb3 23. Ra3 Qb6 24. Rg3+ Rg6 25. Rxg6+ Qxg6 26. Bxh6 Bxb2 27. Re3 Kh8 28. Rg3 Qh7 29. Bg7+ Kg8 30. Bf6+ Qg6 31. Qh8# 1-0

[Event "ESP-ch U12 rapid"]
[Site "Salobrena"]
[Date "2024.07.13"]
[Round "1"]
[White "Martinez Sanchez, Paul"]
[Black "Iglesias Flores, Marcos"]
[Result "0-1"]
[WhiteElo "1535"]
[BlackElo "1757"]
[PlyCount "134"]
[EventDate "2024.07.13"]
[EventType "swiss (rapid)"]
[EventRounds "9"]
[EventCountry "ESP"]
[SourceTitle "EXT 2025"]
[Source "ChessBase"]
[SourceDate "2024.10.14"]
[SourceVersion "1"]
[SourceVersionDate "2024.10.14"]
[SourceQuality "1"]

1. d4 d5 2. Bf4 Nf6 3. e3 c5 4. c3 Nc6 5. Bd3 Qb6 6. Qc2 c4 7. Be2 Bf5 8. Qc1 e6 9. Nd2 Be7 10. Ngf3 0-0 11. Nh4 Bg6 12. Nxg6 hxg6 13. h3 Qd8 14. Nf3 Bd6 15. Ne5 Rc8 16. b3 b5 17. a4 a6 18. 0-0 Bxe5 19. Bxe5 Nxe5 20. dxe5 Nd7 21. f4 Qb6 22. axb5 axb5 23. Rb1 Qc7 24. bxc4 bxc4 25. Rb4 Rb8 26. Rxb8 Rxb8 27. Qc2 Qb6 28. Kf2 Nc5 29. Rd1 Ne4+ 30. Kf3 Qb3 31. Rc1 Nc5 32. Kf2 Ra8 33. Qb1 Ra2 34. Kf3 Na4 35. Bd1 Qxb1 36. Rxb1 Nxc3 37. Rb8+ Kh7 38. Bb3 cxb3 39. Rxb3 Ne4 40. Rb7 Kg8 41. Rb8+ Kh7 42. Rb7 Rf2+ 43. Kg4 Rxg2+ 44. Kf3 Rf2+ 45. Kg4 f5+ 46. exf6 Nxf6+ 47. Kg3 Re2 48. Kf3 Ra2 49. Rb6 Ra3 50. Rxe6 d4 51. Kf2 Rxe3 52. Rxe3 dxe3+ 53. Kxe3 Kg8 54. Kf3 Kf7 55. Ke3 Ke6 56. Kd4 Kf5 57. Ke3 Nd5+ 58. Kf3 Nxf4 59. Kg3 g5 60. Kf3 Nxh3 61. Kg3 Nf4 62. Kf3 g4+ 63. Kg3 Ne6 64. Kf2 Kf4 65. Kg2 g3 66. Kf1 Kf3 67. Kg1 g2 0-1

[Event "ESP-ch U12 rapid"]
[Site "Salobrena"]
[Date "2024.07.13"]
[Round "4"]
[White "Miralles Serna, Ricardo"]
[Black "Martinez Sanchez, Paul"]
[Result "1-0"]
[WhiteElo "1678"]
[BlackElo "1535"]
[PlyCount "61"]
[EventDate "2024.07.13"]
[EventType "swiss (rapid)"]
[EventRounds "9"]
[EventCountry "ESP"]
[SourceTitle "EXT 2025"]
[Source "ChessBase"]
[SourceDate "2024.10.14"]
[SourceVersion "1"]
[SourceVersionDate "2024.10.14"]
[SourceQuality "1"]

1. d4 d5 2. c4 e6 3. Nc3 Nf6 4. Bg5 Be7 5. e3 b6 6. Nf3 Bb7 7. cxd5 exd5 8. Bd3 Nbd7 9. 0-0 0-0 10. Qc2 h6 11. Bf4 c5 12. Ne5 Nxe5 13. Bxe5 Bd6 14. Bxd6 Qxd6 15. h3 Rac8 16. Qd2 Rfe8 17. Nb5 Qb8 18. Bf5 Rc6 19. Rac1 Ba6 20. a4 Ne4 21. Qc2 Nd6 22. Bd7 Nxb5 23. Bxc6 Nxd4 24. exd4 Bxf1 25. Bxe8 Qxe8 26. Rxf1 cxd4 27. Rd1 Qe5 28. Qd2 d3 29. Qc3 Qe2 30. Rxd3 d4 31. Rxd4 1-0